000 01021nam a2200301 4500
001 0000013665
003 CO-CtgCURN
005 20260210224232.0
007 ta
008 160627s1988 000 0 eng d
020 _a8482723146
040 _aCO-CtgCURN
_bspa
_ccoctgcurn
082 0 _a345.861
_bA57m
100 1 _aAntolisei, Francesco.
245 1 0 _aManual de derecho penal :
_bparte general /
_cFrancesco Antolisei.
250 _a8a ed.
260 _aBogotá :
_bTemis,
_c1988.
300 _a614 p.
336 _2rdacontent
337 _2rdamedia
_asin mediacion
_bn
338 _2rdacarrier
_avolumen
_bnc
500 _aIncluye indice.
505 8 _aLey penal.--Norma penal.--Fuente del derecho penal.--Interpretacion de la ley penal.--Eficacia de la ley penal.--Delito.--Tentativa.--Imputabilidad.--Capacidad criminal
650 1 4 _aDerecho penal
_zColombia.
908 _a160627
942 _cBK
_h345.861
_iA57m
_2ddc
_n0
999 _c19444
_d19444